000
00269nam a2200109Ia 4500
001
1278076
005
20260417163043.0
008
260417s9999 xx 000 0 und d
020
_a
9786256030770
245
0
_a
Dikiş Kafa 2 - Korsanın Gözü
260
_b
Dokuz Çocuk
999
_c
1278076
_d
1278076